[Event "Darmstadt"]
[Site "Darmstadt"]
[Date "2016.10.27"]
[Round "2.2"]
[White "Rothermel, Tim"]
[Black "Leck, Jakob"]
[Result "0-1"]
[WhiteElo "1792"]
[BlackElo "1989"]
[PlyCount "52"]
[EventDate "2016.??.??"]

1. e4 e6 2. d4 d5 3. Bd3 dxe4 4. Bxe4 c5 5. Ne2 Nf6 6. Bf3 Nc6 7. c3 Be7 8. O-O
O-O 9. Be3 cxd4 10. cxd4 Nb4 11. Nbc3 Nbd5 12. Rc1 b6 13. Nf4 Bb7 14. Qb3 Bd6
15. Nd3 Qb8 16. Bg5 Nxc3 17. Qxc3 Bxf3 18. Bxf6 Bxh2+ 19. Kh1 Bb7 20. f4 gxf6
21. Kxh2 Qd6 22. Ne5 fxe5 23. Qg3+ Kh8 24. fxe5 Qd5 25. Rf3 Rg8 26. Qh4 Rxg2+
0-1

[Event "Darmstadt"]
[Site "Darmstadt"]
[Date "2016.10.27"]
[Round "2.1"]
[White "Wiewesiek, Timo"]
[Black "Karimi, Farhad"]
[Result "0-1"]
[WhiteElo "1898"]
[BlackElo "2043"]
[PlyCount "42"]
[EventDate "2016.??.??"]

1. e4 c5 2. Nc3 Nc6 3. Bb5 Nd4 4. Bc4 e6 5. Nge2 Nf6 6. O-O d6 7. a4 d5 8. exd5
exd5 9. Nxd4 cxd4 10. Nxd5 Nxd5 11. Qh5 Be6 12. Re1 Nf4 13. Qf3 Bd6 14. d3 Qf6
15. Re4 g5 16. Bxf4 gxf4 17. Rae1 O-O-O 18. Ba6 Bd5 19. Qh3+ Kb8 20. Bb5 Bxe4
21. dxe4 f3 0-1

[Event "4. BSP"]
[Site "Darmstadt"]
[Date "2016.10.21"]
[Round "1.10"]
[White "Rothermel, Tim"]
[Black "Eiermann, Aron"]
[Result "1-0"]
[WhiteElo "1756"]
[BlackElo "1078"]
[PlyCount "48"]
[EventDate "2016.??.??"]

1. Nf3 d5 2. c4 c6 3. d4 dxc4 4. Nc3 e6 5. e4 b5 6. a4 a6 7. axb5 cxb5 8. Nxb5
Bb7 9. Nc3 Bb4 10. Qa4+ Nc6 11. Bxc4 Qd7 12. O-O Bxc3 13. bxc3 Nge7 14. Ba3 Nb8
15. Qc2 O-O 16. Ne5 Qc7 17. Qa2 Bxe4 18. Bxe6 fxe6 19. Qxe6+ Kh8 20. Bxe7 Bxg2
21. Bxf8 Nc6 22. Bd6 Qb7 23. Nf7+ Qxf7 24. Qxf7 Bxf1 1-0

[Event "4. BSP"]
[Site "Darmstadt"]
[Date "2016.10.21"]
[Round "1.9"]
[White "Brockmann, Marcus"]
[Black "Brückmann, Gerd"]
[Result "1/2-1/2"]
[WhiteElo "1585"]
[BlackElo "1989"]
[PlyCount "71"]
[EventDate "2016.??.??"]
[WhiteTeam " "]
[BlackTeam " "]

1. e4 e6 2. d4 d5 3. Nc3 Nf6 4. Bg5 Bb4 5. e5 h6 6. Bd2 Bxc3 7. bxc3 Ne4 8. Nf3
c5 9. Bd3 Nc6 10. O-O Nxd2 11. Qxd2 c4 12. Be2 Bd7 13. Rab1 b6 14. g3 Qe7 15.
Nh4 g5 16. Ng2 O-O-O 17. Bh5 Rdf8 18. f4 f6 19. exf6 Rxf6 20. fxg5 hxg5 21. Bg4
Rfh6 22. Ne3 Qh7 23. Rf2 Nd8 24. Rbf1 Qg7 25. Qe2 Be8 26. Nxd5 Bc6 27. Qxc4 Kb8
28. Nb4 Bb7 29. d5 exd5 30. Nxd5 Qe5 31. Bf3 g4 32. Bh1 Rxh2 33. Rxh2 Qxg3+ 34.
Rg2 Qh3 35. Qf4+ Ka8 36. Nc7+ 1/2-1/2

[Event "4. BSP"]
[Site "Darmstadt"]
[Date "2016.10.21"]
[Round "1.8"]
[White "Cors, Heinz-Friedrich"]
[Black "Welters, Burkhard"]
[Result "1/2-1/2"]
[WhiteElo "1925"]
[BlackElo "1436"]
[PlyCount "76"]
[EventDate "2016.??.??"]

1. e4 Nf6 2. e5 Nd5 3. d4 d6 4. Nf3 dxe5 5. Nxe5 c6 6. Bc4 Be6 7. Nd2 Nd7 8.
Ndf3 Nxe5 9. Nxe5 g6 10. Qe2 Bg7 11. c3 O-O 12. O-O Qc7 13. a4 c5 14. Ba2 cxd4
15. cxd4 Rfd8 16. Re1 Qb6 17. Be3 Nxe3 18. Bxe6 Qxe6 19. Qxe3 Qb6 20. Red1 Qxb2
21. Rab1 Qc2 22. Nf3 Qc7 23. Rdc1 Qd7 24. Rc4 b6 25. h3 e6 26. Rbc1 Rac8 27.
Ne5 Bxe5 28. dxe5 Rxc4 29. Rxc4 Qd3 30. Qf4 Qd1+ 31. Kh2 Rd7 32. Rc8+ Rd8 33.
Rc7 Rd7 34. Rc1 Qd5 35. Qf6 Qa8 36. g4 Qd8 37. Qf3 Qg5 38. Rc8+ Rd8 {(=)}
1/2-1/2

[Event "4. BSP"]
[Site "Darmstadt"]
[Date "2016.10.21"]
[Round "1.7"]
[White "Friedel, Thomas"]
[Black "Wiewesiek, Timo"]
[Result "0-1"]
[WhiteElo "1591"]
[BlackElo "1903"]
[PlyCount "84"]
[EventDate "2016.??.??"]
[WhiteTeam " "]
[BlackTeam " "]

1. e4 g6 2. d4 Bg7 3. Nc3 c5 4. Be3 Nc6 5. Nf3 Qa5 6. Qd2 d6 7. Nd5 Qxd2+ 8.
Bxd2 Rb8 9. c3 cxd4 10. Bb5 dxc3 11. Nxc3 Bd7 12. O-O Nh6 13. Bg5 f6 14. Be3 a6
15. Bc4 Nf7 16. Rfd1 Nfe5 17. Nxe5 Nxe5 18. Bd5 e6 19. Bb3 Ke7 20. Bb6 Rbc8 21.
f4 Nc4 22. Bxc4 Rxc4 23. Rd3 Rhc8 24. Rad1 R8c6 25. Bf2 b5 26. Be1 b4 27. b3
Rxc3 28. Bxc3 bxc3 29. Rc1 f5 30. e5 dxe5 31. Rdxc3 Rxc3 32. Rxc3 exf4 33. Rc7
Kd6 34. Rc2 Bd4+ 35. Kf1 e5 36. Ke2 e4 37. h3 g5 38. Rd2 Kd5 39. Rc2 Bc6 40. a4
h5 41. Rd2 g4 42. h4 f3+ 0-1

[Event "4. BSP"]
[Site "Darmstadt"]
[Date "2016.10.21"]
[Round "1.5"]
[White "Blanquett, Jan"]
[Black "Will, Jens"]
[Result "0-1"]
[WhiteElo "1699"]
[BlackElo "2032"]
[PlyCount "102"]
[EventDate "2016.??.??"]
[WhiteTeam " "]
[BlackTeam " "]

1. d4 Nf6 2. c4 g6 3. Nc3 d5 4. cxd5 Nxd5 5. e4 Nxc3 6. bxc3 c5 7. Bb5+ Bd7 8.
Bxd7+ Nxd7 9. Ne2 Bg7 10. O-O O-O 11. Be3 Qa5 12. Qd2 cxd4 13. cxd4 Qxd2 14.
Bxd2 e6 15. Rac1 Rac8 16. f3 Nb6 17. Rxc8 Rxc8 18. Rc1 Rxc1+ 19. Bxc1 Nc4 20.
Kf2 b5 21. Be3 a6 22. Nc1 Bf8 23. Ke2 Ba3 24. Nd3 Kf8 25. Bc1 Bd6 26. Bf4 Ba3
27. Bc1 Be7 28. Nf4 Bd6 29. h3 Ke7 30. Kd3 Nb6 31. Ne2 Kd7 32. Bf4 Bb4 33. Bd2
Be7 34. Ba5 Nc4 35. Bc3 Kc6 36. a4 Nb6 37. axb5+ Kxb5 38. Nc1 a5 39. Na2 a4 40.
g4 a3 41. f4 Ka4 42. Nc1 f5 43. gxf5 gxf5 44. e5 Nd5 45. Bd2 Bb4 46. Be3 Bc3
47. h4 h5 48. Na2 Kb3 49. Nc1+ Kb2 50. Ne2 a2 51. Bc1+ Kb3 0-1

[Event "4. BSP"]
[Site "Darmstadt"]
[Date "2016.10.21"]
[Round "1.4"]
[White "Leck, Jakob"]
[Black "Torrijos, Javier"]
[Result "1-0"]
[WhiteElo "1998"]
[BlackElo "1602"]
[PlyCount "115"]
[EventDate "2016.??.??"]
[WhiteTeam " "]
[BlackTeam " "]

1. e4 c6 2. d4 d5 3. f3 Qb6 4. Nc3 e6 5. Nge2 Nd7 6. g3 Ne7 7. Bg2 Ng6 8. O-O
h5 9. exd5 exd5 10. Nf4 Nxf4 11. Bxf4 Be7 12. Re1 Kf8 13. Na4 Qa5 14. Qe2 Qd8
15. Bc7 Qxc7 16. Qxe7+ Kg8 17. Nc5 b6 18. Nd3 Qb8 19. Qd8+ Kh7 20. Re8 Rxe8 21.
Qxe8 Nf6 22. Qxf7 Bf5 23. Ne5 Qe8 24. c3 Qxf7 25. Nxf7 Kg8 26. Ne5 Rc8 27. Kf2
Nd7 28. Re1 c5 29. Nxd7 Bxd7 30. Re7 Rd8 31. dxc5 bxc5 32. Re5 Be8 33. Ke3 Bf7
34. Bh3 Kf8 35. Kd3 Kg8 36. Be6 Bxe6 37. Rxe6 Rb8 38. b3 c4+ 39. Kc2 cxb3+ 40.
axb3 Rf8 41. f4 h4 42. Rd6 hxg3 43. hxg3 Rf5 44. Kd3 Rh5 45. Kd4 Rh3 46. Rg6
Rh5 47. Rg5 Rh6 48. Kxd5 Rb6 49. b4 Kf7 50. Kc4 Rc6+ 51. Rc5 Ra6 52. Kd5 Ra1
53. g4 Rd1+ 54. Ke5 Rd7 55. Rc6 Re7+ 56. Kf5 Rd7 57. g5 g6+ 58. Rxg6 1-0

[Event "4. BSP"]
[Site "Darmstadt"]
[Date "2016.10.21"]
[Round "1.3"]
[White "Pauli, Walter"]
[Black "Heß, Steffen"]
[Result "1/2-1/2"]
[WhiteElo "1852"]
[BlackElo "1985"]
[PlyCount "132"]
[EventDate "2016.??.??"]

1. e4 e6 2. d4 d5 3. Nd2 Be7 4. e5 Nh6 5. Bd3 c5 6. c3 Nc6 7. Ne2 Qb6 8. Nf3
Bd7 9. O-O Rc8 10. b3 cxd4 11. cxd4 Nb4 12. Bb1 Bb5 13. a3 Qa6 14. Re1 Bxe2 15.
Rxe2 Rxc1 16. Qxc1 Qxe2 17. axb4 a6 18. Ra2 Qb5 19. Qc8+ Bd8 20. Qc5 Qxc5 21.
bxc5 Kd7 22. b4 Kc6 23. Bd3 f6 24. Kf1 Nf7 25. Ke2 fxe5 26. Nxe5+ Nxe5 27. dxe5
g5 28. Ke3 h6 29. g3 Rf8 30. h3 Bc7 31. f4 gxf4+ 32. gxf4 Rg8 33. Kf3 Bd8 34.
Rg2 Rxg2 35. Kxg2 Bh4 36. f5 exf5 37. Bxf5 Bd8 38. Kf3 a5 39. bxa5 Bxa5 40. Ke3
Kxc5 41. Kd3 Bd8 42. e6 Bf6 43. Kc2 Kc4 44. Bd3+ Kd4 45. Bf5 Ke3 46. Bg4 b5 47.
Kb3 Be7 48. Kc2 b4 49. Bf5 Bc5 50. Bg4 Ke4 51. Be2 d4 52. Bg4 d3+ 53. Kb3 Ke3
54. Bd1 Kd2 55. Bg4 Be7 56. Bf5 Ke2 57. Bg4+ Ke1 58. Kb2 Bf6+ 59. Kb3 Be7 60.
Kb2 Kd2 61. Bf5 Bf6+ 62. Kb3 Ke3 63. Kxb4 d2 64. Bg4 Kf2 65. Kc4 Ke1 66. Kd3
Bg5 1/2-1/2

[Event "4. BSP"]
[Site "Darmstadt"]
[Date "2016.10.21"]
[Round "1.2"]
[White "Karimi, Farhad"]
[Black "Kraus, Marc"]
[Result "1-0"]
[WhiteElo "2096"]
[BlackElo "1834"]
[PlyCount "93"]
[EventDate "2016.??.??"]
[WhiteTeam " "]
[BlackTeam " "]

1. d4 Nf6 2. c4 g6 3. Nc3 d5 4. cxd5 Nxd5 5. e4 Nxc3 6. bxc3 Bg7 7. Bg5 c5 8.
Rc1 Qa5 9. Qd2 cxd4 10. cxd4 Qxd2+ 11. Kxd2 Nd7 12. Bb5 Bxd4 13. Nf3 Bf6 14.
Bh6 e6 15. e5 Bd8 16. Rc2 a6 17. Rhc1 Ba5+ 18. Ke2 Ke7 19. Bg5+ f6 20. Bxd7
Kxd7 21. exf6 e5 22. Rd1+ Ke6 23. Rc5 Bb4 24. Rxe5+ Kf7 25. Re4 h6 26. Rxb4
hxg5 27. Rd6 Re8+ 28. Kd2 Be6 29. Nxg5+ Kxf6 30. Nxe6 Rxe6 31. Rxe6+ Kxe6 32.
Rxb7 Rd8+ 33. Ke2 Rd6 34. a4 Kd5 35. Rc7 Kd4 36. f4 Re6+ 37. Kf3 Rb6 38. h4 Kd5
39. Rd7+ Kc4 40. Re7 Rb4 41. Re6 Rxa4 42. Rxg6 a5 43. Ra6 Kb5 44. Ra8 Rc4 45.
h5 a4 46. h6 Rc6 47. h7 1-0

[Event "4. BSP"]
[Site "Darmstadt"]
[Date "2016.10.21"]
[Round "1.1"]
[White "Lukas, Anne"]
[Black "Nies, Peter"]
[Result "1-0"]
[WhiteElo "1826"]
[BlackElo "2052"]
[PlyCount "81"]
[EventDate "2016.??.??"]
[WhiteTeam " "]
[BlackTeam " "]

1. d4 e6 2. c4 Nf6 3. Nf3 c5 4. d5 exd5 5. cxd5 d6 6. Nc3 g6 7. Bf4 a6 8. a4
Bg7 9. e4 Bg4 10. Be2 O-O 11. O-O Re8 12. Nd2 Bxe2 13. Qxe2 Nh5 14. Be3 Nd7 15.
a5 Qe7 16. Nc4 Ne5 17. Nb6 Rad8 18. f3 Nd7 19. Nc4 f5 20. Qd2 Ne5 21. Nxe5 Qxe5
22. Rae1 f4 23. Bf2 Re7 24. Na4 Rc7 25. b4 Qe8 26. Qa2 cxb4 27. Bb6 Re7 28. Qb3
g5 29. Qxb4 Rdd7 30. Nb2 Ng3 31. Rf2 g4 32. Nd3 gxf3 33. hxg3 fxg3 34. Rxf3 Qg6
35. Ree3 Rf7 36. Rxg3 Qh5 37. Ref3 Qh6 38. Be3 Qh4 39. Bg5 Qh5 40. Nf4 Rxf4 41.
Bxf4 1-0